00476nam a2200121Ia 4500008004100000041001200041082001200053100004700065245012600112260006000238300001000298536004600308211220s9999 xx 000 0 eng d aEnglish aRP.0331 aPatnaik, S. M.uUniversity of DelhivDelhi 0aGlobalization and cultural identities : ba comparative study of tribes of central and north east India / cS. M. Patnaik aNew Delhi :bIndian Council oF Social Science Research, a233p. aIndian Council of Social Science Research